000 00344nam a2200133Ia 4500
008 150201s2009 xx 000 0 und d
082 _a616
_bE09S
100 _aSKOLNIK,NEIL
245 _aESSENTIALS INFECTIOUS DISEASES TROPICS FOR PRIMARY CARE
250 _a1ST
260 _bHUMARA
_c2009
650 _aCOMMUNITY MEDICINE
942 _2ddc
_cBK
_01
999 _c1078
_d1078